Học để thành công/Học để giàu: Tạo động lực làm việc phải chăng chỉ có thể bằng tiền

সংরক্ষণ করুন:
গ্রন্থ-পঞ্জীর বিবরন
প্রধান লেখক: Joe Johnson
বিন্যাস: গ্রন্থ
ভাষা:Undetermined
প্রকাশিত: Tp. HCM Trẻ 2003
বিষয়গুলি:
ট্যাগগুলো: ট্যাগ যুক্ত করুন
কোনো ট্যাগ নেই, প্রথমজন হিসাবে ট্যাগ করুন!
Thư viện lưu trữ: Trung tâm Học liệu Trường Đại học Cần Thơ
LEADER 00627nam a2200181Ia 4500
001 CTU_56749
008 210402s9999 xx 000 0 und d
020 |b 20500 
082 |a 658.4 
082 |b B979 
100 |a Joe Johnson 
245 0 |a Học để thành công/Học để giàu: Tạo động lực làm việc phải chăng chỉ có thể bằng tiền 
245 0 |c Joe Johnson 
260 |a Tp. HCM 
260 |b Trẻ 
260 |c 2003 
650 |a business management,creative ability in business,executives,personnel management 
980 |a Trung tâm Học liệu Trường Đại học Cần Thơ